000 00933nam a22003257a 4500
001 BR7702789
003 BR-BrBNA
005 20230928085302.0
007 ta
008 230509b bl.||||| |||| 00| 0 por d
040 _aBR-BrBNA
_bpor
_cBiblioteca Nacional de Agricultura
041 _a(Por)
072 _aE70
_b9400
_b/G514
090 _ 9400 BR7702789
110 1 _aUniao Brasileira das Cooperativas Centrais de Laticinios, Rio de Janeiro, RJ
_910321
245 1 _aEstudo do abastecimento do leite: Guanabara, Sao Paulo, Belo Horizonte [Brasil]
260 3 _aRio de Janeiro, RJ (Brasil):
_c[nd].
300 _av. 1-2
500 _aPublished 1977?
650 _aComercializacao
650 _aLeite
650 _aAbastecimento
650 _aLaticinio
650 _aCooperativa
650 _aGuanabara
650 _aSao Paulo
650 _aBelo Horizonte
909 _a202309
_bLucia
_c55
_dLucia Elande
942 _cBK
999 _c23669
_d23669